[Event "Elit(Manhem-Limhamn)"]
[Site "?"]
[Date "2007.01.20"]
[Round "6"]
[White "Nylen, Anders"]
[Black "Moberg, Karl Johan"]
[Result "1/2-1/2"]
[WhiteElo "2266"]
[BlackElo "2338"]
[PlyCount "103"]
[EventDate "2007.??.??"]

1. d4 Nf6 2. c4 g6 3. Nc3 d5 4. cxd5 Nxd5 5. e4 Nxc3 6. bxc3 Bg7 7. Nf3 c5 8.
Rb1 O-O 9. Be2 cxd4 10. cxd4 Qa5+ 11. Qd2 Qxd2+ 12. Bxd2 b6 13. O-O Bb7 14. Bd3
e6 15. Rfd1 Nc6 16. Be3 Rfd8 17. Bg5 Rdc8 18. Be3 Rd8 19. Bg5 Rd7 20. Bb5 a6
21. Bxc6 Bxc6 22. Rxb6 Bxe4 23. Be3 e5 24. Nd2 Bc2 25. Rc1 exd4 26. Rxc2 dxe3
27. fxe3 h5 28. Kf2 a5 29. Rb5 a4 30. Rbc5 Rad8 31. Nc4 Bf8 32. Rc6 a3 33. Kf3
Rd1 34. Ra6 Rf1+ 35. Ke2 Rdd1 36. Nxa3 Rfe1+ 37. Kf2 Rf1+ 38. Ke2 Rfe1+ 39. Kf3
Rf1+ 40. Ke4 Bxa3 41. Rxa3 Rf5 42. Rd3 Rh1 43. h3 Ra1 44. Rdd2 Ra5 45. Rf2 Ra7
46. Kd5 Rd1+ 47. Kc5 Rd3 48. e4 Rda3 49. h4 R3a4 50. Rce2 R7a5+ 51. Kb6 Ra6+
52. Kb5 1/2-1/2

[Event "Elit(Manhem-Limhamn)"]
[Site "?"]
[Date "2007.01.20"]
[Round "6"]
[White "Sagit, Rauan"]
[Black "Mansson, Lars"]
[Result "1-0"]
[WhiteElo "2299"]
[BlackElo "2208"]
[PlyCount "61"]
[EventDate "2007.??.??"]

1. e4 c6 2. d4 d5 3. exd5 cxd5 4. Bd3 Nc6 5. c3 g6 6. Nf3 Bg7 7. O-O Nh6 8. Re1
O-O 9. h3 f6 10. c4 Nb4 11. cxd5 Nxd5 12. Bc4 e6 13. Nc3 Nf5 14. Qb3 Nfe7 15.
Bd2 Kh8 16. Rac1 a6 17. Bxd5 Nxd5 18. Nxd5 exd5 19. Rc5 Re8 20. Rec1 Be6 21.
Qxb7 Rb8 22. Qxa6 Ra8 23. Qb7 Rb8 24. Qc6 Rxb2 25. Re1 Rb6 26. Qa4 Bd7 27. Qa7
Rxe1+ 28. Bxe1 Bf8 29. Rc7 Rd6 30. Bb4 Ra6 31. Rxd7 1-0

[Event "Elit(Manhem-Limhamn)"]
[Site "?"]
[Date "2007.01.20"]
[Round "6"]
[White "Holst, Conny"]
[Black "Schneider, Lars-Ake"]
[Result "1/2-1/2"]
[WhiteElo "2218"]
[BlackElo "2338"]
[PlyCount "49"]
[EventDate "2007.??.??"]

1. d4 Nf6 2. c4 e6 3. Nc3 Bb4 4. e3 c5 5. Bd3 O-O 6. Nge2 d5 7. cxd5 exd5 8.
O-O Nc6 9. a3 cxd4 10. exd4 Bd6 11. Bf4 h6 12. Qd2 Be6 13. Rad1 Bxf4 14. Qxf4
Rc8 15. h3 Na5 16. Qh4 Nc4 17. Bxc4 Rxc4 18. Rfe1 Qb6 19. Rd2 Rfc8 20. Qf4 Qc6
21. Ng3 b5 22. Nf5 Bxf5 23. Qxf5 a5 24. Re5 Rd8 25. Qd3 1/2-1/2

[Event "Elit(Manhem-Limhamn)"]
[Site "?"]
[Date "2007.01.20"]
[Round "6"]
[White "Andersson, Bjorn"]
[Black "Penalver, Osmani"]
[Result "0-1"]
[WhiteElo "2321"]
[BlackElo "2250"]
[PlyCount "106"]
[EventDate "2007.??.??"]

1. e4 c5 2. c3 Nf6 3. e5 Nd5 4. d4 cxd4 5. Nf3 Nc6 6. cxd4 d6 7. Bc4 Nb6 8. Bb5
d5 9. h3 Bf5 10. Nc3 e6 11. O-O Be7 12. a3 O-O 13. Ne2 Be4 14. Nh2 a6 15. Bd3
Bxd3 16. Qxd3 f6 17. exf6 Bxf6 18. Ng4 Bg5 19. Bxg5 Qxg5 20. f4 Qe7 21. Rf2 Nc4
22. b4 Nd6 23. Re1 Ne4 24. Rf3 Qh4 25. Ref1 Rac8 26. Nf2 Nd6 27. Re3 Rce8 28.
g3 Qd8 29. g4 Qb6 30. Rd1 Nc4 31. g5 Nxe3 32. Qxe3 e5 33. Qb3 Nxd4 34. Nxd4
exd4 35. Qxd5+ Kh8 36. Qxd4 Qc7 37. Nd3 Rd8 38. Qe3 Rfe8 39. Qf3 Qb6+ 40. Kh2
Qe3 41. Kg3 Qe2 42. Kg4 Re3 43. Qxe2 Rxe2 44. Rc1 Rg2+ 45. Kf5 Kg8 46. Ne5 Rf8+
47. Ke4 Re2+ 48. Kd5 Rxf4 49. h4 Rf8 50. Rc7 Rd8+ 51. Nd7 Re7 52. Kd6 Kf7 53.
Rxb7 Ke8 0-1

[Event "Elit(Manhem-Limhamn)"]
[Site "?"]
[Date "2007.01.20"]
[Round "6"]
[White "Johansson, Thomas"]
[Black "Kinnmark, Ove"]
[Result "1/2-1/2"]
[WhiteElo "2206"]
[BlackElo "2264"]
[PlyCount "134"]
[EventDate "2007.??.??"]

1. d4 Nf6 2. Nf3 b6 3. Bf4 Bb7 4. Nbd2 g6 5. e3 Bg7 6. Bc4 O-O 7. Qe2 c5 8. c3
d6 9. h4 Qc8 10. Bg5 h5 11. e4 d5 12. exd5 Nxd5 13. O-O Re8 14. Ne4 Nd7 15. Qd3
cxd4 16. cxd4 N7f6 17. Rac1 Qb8 18. Ne5 Nxe4 19. Qxe4 Qd6 20. Bf4 Qf6 21. Bxd5
Bxd5 22. Qxd5 Qxf4 23. Nxg6 Qd6 24. Qxd6 exd6 25. Nf4 Bxd4 26. Rc2 Rac8 27. Rd2
Re4 28. g3 Rc5 29. Rfd1 Bg7 30. b3 Bh6 31. Nd5 Kg7 32. Rd3 Rc2 33. Nc3 Re5 34.
a4 Rb2 35. Nb5 Ree2 36. Rf3 Re6 37. Rxd6 a6 38. Rxe6 fxe6 39. Nc7 e5 40. Nxa6
e4 41. Rc3 Bd2 42. Rc7+ Kg8 43. Kf1 Rxb3 44. Re7 e3 45. fxe3 Bxe3 46. Kg2 Bd4
47. Re4 Rb2+ 48. Kf1 Rb1+ 49. Ke2 Rb2+ 50. Kd3 Bf2 51. Kc3 Ra2 52. Kb3 Rd2 53.
g4 Bxh4 54. gxh5 Bf6 55. Nb4 Kf7 56. Kc4 Rb2 57. Rg4 Rh2 58. Nd5 Bd8 59. Rf4+
Ke6 60. Rf8 Kd7 61. Rh8 Rc2+ 62. Kd3 Rc5 63. Nc3 Rxc3+ 64. Kxc3 Bf6+ 65. Kb4
Bxh8 66. a5 bxa5+ 67. Kxa5 Kc6 1/2-1/2

[Event "Elit(Manhem-Limhamn)"]
[Site "?"]
[Date "2007.01.20"]
[Round "6"]
[White "Vas, Peter"]
[Black "Tadjerbashi, Amir"]
[Result "1/2-1/2"]
[WhiteElo "2247"]
[BlackElo "2186"]
[PlyCount "119"]
[EventDate "2007.??.??"]

1. e4 e5 2. Nf3 Nc6 3. Bc4 Bc5 4. O-O Nf6 5. d3 d6 6. c3 a6 7. Bb3 Ba7 8. Re1
O-O 9. h3 h6 10. Nbd2 Re8 11. Nf1 Be6 12. Ng3 d5 13. Bc2 dxe4 14. dxe4 Qxd1 15.
Rxd1 Rad8 16. Rxd8 Rxd8 17. Nf1 Bc4 18. Be3 Bxe3 19. Nxe3 Be2 20. Nh2 Bd3 21.
f3 Bxc2 22. Nxc2 Rd2 23. Rc1 Nh5 24. Nf1 Re2 25. Nfe3 Nf4 26. Kf1 Rd2 27. Rd1
Rxd1+ 28. Nxd1 h5 29. h4 f6 30. Nce3 Kf7 31. g3 Ne6 32. Nf2 b5 33. Nd3 Nb8 34.
f4 exf4 35. gxf4 Nd7 36. b4 c6 37. f5 Nd8 38. Nf4 Ne5 39. Ke2 Nb7 40. Nxh5 Nd6
41. Ng3 Kg8 42. Nc2 Ndc4 43. Nh5 Kh7 44. Nd4 Kh6 45. Nf4 Nd6 46. Nd3 Nxe4 47.
Nxe5 fxe5 48. Nxc6 Nxc3+ 49. Kd3 Nxa2 50. Ke4 Kh5 51. Kxe5 Kxh4 52. f6 gxf6+
53. Kxf6 Kg4 54. Ke5 Kg5 55. Kd5 Kf6 56. Kc5 Ke6 57. Nd4+ Kd7 58. Nxb5 axb5 59.
Kxb5 Nxb4 60. Kxb4 1/2-1/2

[Event "Elit(Skara-Vasteras)"]
[Site "?"]
[Date "2007.01.20"]
[Round "6"]
[White "Eriksson, Jonas"]
[Black "Kotronias, Vasilios"]
[Result "0-1"]
[WhiteElo "2352"]
[BlackElo "2704"]
[PlyCount "72"]
[EventDate "2007.??.??"]
[SourceDate "2007.01.30"]

1. d4 Nf6 2. c4 g6 3. Nc3 Bg7 4. e4 d6 5. h3 O-O 6. Nf3 e5 7. d5 Na6 8. Bg5 Qe8
9. g4 Kh8 10. Nd2 Ng8 11. Be2 f6 12. Be3 Bh6 13. Bxh6 Nxh6 14. h4 Bd7 15. h5
Kg7 16. Nb3 Nf7 17. Qd2 c5 18. dxc6 Bxc6 19. f3 Nc7 20. Nd5 Nxd5 21. cxd5 Bb5
22. Qb4 Bxe2 23. Kxe2 Rc8 24. hxg6 hxg6 25. Rac1 b6 26. Nd2 Qd7 27. b3 Ng5 28.
Nc4 Rc5 29. Qe1 Rfc8 30. Rd1 b5 31. Ne3 Rc3 32. Qh4 Qc7 33. Qh6+ Kf7 34. Ng2
Rc2+ 35. Kf1 Qc5 36. Qh4 Rh8 0-1

[Event "Elit(Skara-Vasteras)"]
[Site "?"]
[Date "2007.01.20"]
[Round "6"]
[White "Hillarp Persson, Tiger"]
[Black "Norberg, Johan"]
[Result "1-0"]
[WhiteElo "2610"]
[BlackElo "2349"]
[PlyCount "63"]
[EventDate "2007.??.??"]

1. d4 d6 2. Bg5 h6 3. Bh4 c5 4. dxc5 Qa5+ 5. Nc3 g5 6. Bg3 Bg7 7. Qd2 Qxc5 8.
e4 Be6 9. Bb5+ Bd7 10. Bxd7+ Nxd7 11. Nge2 Nb6 12. Qd3 Rc8 13. Rb1 Nf6 14. f3
Nfd7 15. Bf2 Qa5 16. O-O Nc4 17. Nd4 Nxb2 18. Rxb2 Rxc3 19. Qd2 b6 20. Rb5 Qa3
21. Rb3 Rxb3 22. axb3 Qa6 23. Nf5 Be5 24. h4 Qb5 25. c4 Qc6 26. Rd1 g4 27. Nxh6
gxf3 28. gxf3 Nf6 29. Nf5 Rh5 30. Ng7+ Kd7 31. Nxh5 Nxh5 32. Qd5 1-0

[Event "Elit(Skara-Vasteras)"]
[Site "?"]
[Date "2007.01.20"]
[Round "6"]
[White "Eriksson, Anders"]
[Black "Djurhuus, Rune"]
[Result "0-1"]
[WhiteElo "2393"]
[BlackElo "2573"]
[PlyCount "90"]
[EventDate "2007.??.??"]

1. Nf3 c5 2. c4 Nf6 3. g3 g6 4. Bg2 Bg7 5. O-O O-O 6. d4 d6 7. Nc3 Nc6 8. dxc5
dxc5 9. Be3 Qa5 10. Qa4 Nd7 11. Qxa5 Nxa5 12. Nd5 Nc6 13. Rab1 Rb8 14. Rfd1 e6
15. Nf4 Nd4 16. Nd3 e5 17. Nxd4 cxd4 18. Bd2 Re8 19. e3 e4 20. Nb4 d3 21. Rdc1
f5 22. Nd5 Ne5 23. b3 Bd7 24. a4 Rbc8 25. Kf1 Be6 26. Nb4 Rc7 27. Ke1 Rec8 28.
Na2 Kf7 29. Nc3 a6 30. a5 g5 31. Na4 h5 32. Nb6 Rh8 33. Bb4 Rc6 34. h3 h4 35.
Kd2 g4 36. gxh4 gxh3 37. Bh1 Rxh4 38. Rg1 Bh6 39. Rbf1 h2 40. Rg3 f4 41. exf4
Bxf4+ 42. Kc3 Bh3 43. Rxh3 Rxh3 44. Bxe4 d2+ 45. Kc2 Nf3 0-1

[Event "Elit(Skara-Vasteras)"]
[Site "?"]
[Date "2007.01.20"]
[Round "6"]
[White "Friberg, Hans"]
[Black "Norberg, Erik"]
[Result "1-0"]
[WhiteElo "2286"]
[BlackElo "2262"]
[PlyCount "133"]
[EventDate "2007.??.??"]

1. Nf3 g6 2. c4 Bg7 3. d4 d6 4. e4 e5 5. Nc3 Nc6 6. Bg5 f6 7. Be3 Nh6 8. dxe5
dxe5 9. Qxd8+ Nxd8 10. Nd5 Ne6 11. Bxh6 Bxh6 12. Nxf6+ Kf8 13. Ng4 Bg7 14.
Ngxe5 Nd4 15. Nxd4 Bxe5 16. O-O-O Ke7 17. Be2 Rd8 18. Nf3 Bf4+ 19. Kc2 Bg4 20.
g3 Bh6 21. Rxd8 Rxd8 22. Rd1 Rf8 23. Rd3 Be6 24. b3 g5 25. Kd1 g4 26. Nd4 Rxf2
27. Nxe6 Kxe6 28. Rd5 Rxh2 29. Bxg4+ Kf6 30. e5+ Kg6 31. e6 Bf8 32. Rf5 Bd6 33.
c5 Rh1+ 34. Kd2 Be7 35. Rf7 Bxc5 36. Bf5+ Kg5 37. Be4 Bb4+ 38. Ke2 Rh6 39. Bd5
c6 40. Bc4 b5 41. e7 Bxe7 42. Rxe7 bxc4 43. bxc4 Rh2+ 44. Ke3 Rxa2 45. Rxh7
Ra3+ 46. Kd4 Kf5 47. Kc5 a5 48. Kxc6 Rxg3 49. Rh5+ Ke6 50. Rxa5 Rg1 51. Rd5 Ra1
52. Rd2 Ra6+ 53. Kc7 Ra7+ 54. Kb6 Ra1 55. c5 Ra3 56. c6 Rb3+ 57. Ka7 Ra3+ 58.
Kb8 Rb3+ 59. Kc8 Ke7 60. c7 Rb1 61. Re2+ Kf7 62. Re5 Kf6 63. Re4 Kf7 64. Kd7
Rd1+ 65. Kc6 Rc1+ 66. Kd6 Kf8 67. Re5 1-0

[Event "Elit(Skara-Vasteras)"]
[Site "?"]
[Date "2007.01.20"]
[Round "6"]
[White "Nilsson, Andre"]
[Black "Eklund, Lars-Goran"]
[Result "1-0"]
[WhiteElo "2309"]
[BlackElo "2370"]
[PlyCount "103"]
[EventDate "2007.??.??"]

1. g3 d5 2. Bg2 e6 3. Nf3 f5 4. O-O Nf6 5. d3 Bc5 6. c4 O-O 7. Nc3 c6 8. cxd5
exd5 9. d4 Be7 10. Bg5 Nbd7 11. e3 Qe8 12. Rb1 a5 13. a3 Kh8 14. Ne2 b6 15. Qc2
Ba6 16. Rfc1 Rc8 17. Nf4 Ne4 18. Bxe7 Qxe7 19. Nd3 c5 20. dxc5 Ndxc5 21. Nxc5
bxc5 22. Rd1 d4 23. exd4 cxd4 24. Qa4 Nxf2 25. Re1 Ne4 26. Qxd4 Qc5 27. Qxc5
Rxc5 28. b4 axb4 29. axb4 Rcc8 30. b5 Bb7 31. Ng5 Rce8 32. Rb4 Nd6 33. Rxe8
Rxe8 34. Nf7+ Nxf7 35. Bxb7 Rb8 36. Bd5 Ne5 37. b6 Nd7 38. b7 Nc5 39. Rc4 Nxb7
40. Bxb7 g5 41. Rc8+ Rxc8 42. Bxc8 f4 43. g4 Kg7 44. Kf2 Kf6 45. Ke2 Ke5 46.
Kd3 Kd5 47. Bb7+ Ke5 48. h3 h6 49. Bf3 h5 50. Kc4 Ke6 51. Kd4 Kd6 52. Bd5 1-0

[Event "Elit(Skara-Vasteras)"]
[Site "?"]
[Date "2007.01.20"]
[Round "6"]
[White "Andersson, Goran"]
[Black "Janse, Love"]
[Result "1-0"]
[WhiteElo "2206"]
[BlackElo "2187"]
[PlyCount "103"]
[EventDate "2007.??.??"]

1. e4 g6 2. d4 d6 3. Nc3 c6 4. f4 d5 5. e5 h5 6. Nf3 Bg4 7. Be2 Nh6 8. Be3 Nf5
9. Bf2 e6 10. O-O Nd7 11. Na4 Qa5 12. c3 b5 13. Nc5 Bxc5 14. dxc5 Bxf3 15. Bxf3
b4 16. a3 b3 17. c4 Rc8 18. cxd5 cxd5 19. Rc1 Qa4 20. g3 a5 21. Rc3 d4 22. c6
Nb8 23. Qxb3 Qxb3 24. Rxb3 O-O 25. Rb6 a4 26. Rc1 Rc7 27. Kf1 Rfc8 28. Rc4 Kf8
29. Ke2 Ne7 30. Bxd4 Nbxc6 31. Bc3 Nd5 32. Bxd5 exd5 33. Rxa4 Ne7 34. h3 Rc4
35. Rxc4 dxc4 36. Bb4 Ke8 37. Bxe7 Kxe7 38. Kd2 Rd8+ 39. Rd6 Rb8 40. Kc2 Rb3
41. g4 Rxh3 42. gxh5 gxh5 43. a4 h4 44. Rh6 Rh1 45. Kc3 Ra1 46. Kxc4 Rxa4+ 47.
b4 Ra1 48. Rxh4 Rc1+ 49. Kb5 Ke6 50. Rh6+ Kd5 51. Rd6+ Ke4 52. Rf6 1-0

[Event "Elit(Skara-Vasteras)"]
[Site "?"]
[Date "2007.01.20"]
[Round "6"]
[White "Janse, Rasmus"]
[Black "Mohammadi, Amir"]
[Result "0-1"]
[WhiteElo "2149"]
[BlackElo "2281"]
[PlyCount "108"]
[EventDate "2007.??.??"]

1. d4 f5 2. g3 Nf6 3. Bg2 e6 4. c4 d5 5. Nh3 Bd6 6. O-O O-O 7. cxd5 exd5 8. Nc3
c6 9. Nf4 Na6 10. Qc2 Nc7 11. Rb1 Ne6 12. Nxe6 Bxe6 13. b4 Qd7 14. f4 Ne4 15.
b5 Rac8 16. Qb3 c5 17. Bxe4 c4 18. Qa4 fxe4 19. Ba3 Bxa3 20. Qxa3 b6 21. Kf2
Rf6 22. e3 Bg4 23. Ke1 Bf3 24. Rf2 h5 25. Ne2 h4 26. Kd2 Rc7 27. gxh4 Bxe2 28.
Rxe2 Qg4 29. Rbe1 Rg6 30. Kc3 Qxh4 31. Qb2 Qh3 32. Rf2 Rf7 33. a4 Rg4 34. Kb4
Rf6 35. a5 Rfg6 36. axb6 axb6 37. Ree2 Rg1 38. Qa2 Qc8 39. Kc3 Qf8 40. Qb2 Qa8
41. Qa2 Rc1+ 42. Kb2 Qxa2+ 43. Kxa2 Rgg1 44. Ka3 Rc3+ 45. Ka2 Rb3 46. Rg2 Rxe3
47. Rxg7+ Kxg7 48. Rxe3 Kf6 49. Kb2 Kf5 50. Rg3 Rxg3 51. hxg3 e3 52. Kc2 Ke4
53. Kd1 Kf3 54. f5 Kf2 0-1

[Event "Elit(Skara-Vasteras)"]
[Site "?"]
[Date "2007.01.20"]
[Round "6"]
[White "Svensson, Sven"]
[Black "Kimari, Patrick"]
[Result "0-1"]
[WhiteElo "2282"]
[BlackElo "2144"]
[PlyCount "150"]
[EventDate "2007.??.??"]

1. d4 g6 2. c4 Bg7 3. Nf3 d6 4. Nc3 c6 5. Bg5 Bg4 6. e3 Qa5 7. Bh4 Nf6 8. Be2
Nbd7 9. h3 Bf5 10. O-O h6 11. Bg3 g5 12. Nd2 Bg6 13. Nb3 Qd8 14. f4 Ne4 15.
Nxe4 Bxe4 16. Nd2 Bh7 17. fxg5 hxg5 18. Nf3 Bf6 19. Nh2 Qb6 20. Ng4 c5 21.
Nxf6+ Nxf6 22. Qa4+ Kf8 23. Qb3 Ne4 24. Be1 cxd4 25. Qxb6 axb6 26. exd4 Kg7 27.
Bf3 Rhc8 28. b3 b5 29. Bxe4 Bxe4 30. cxb5 Rc2 31. Rf2 Rxf2 32. Bxf2 Bd5 33. a4
Bxb3 34. a5 Bc4 35. b6 Bd5 36. Be3 Kg6 37. Kf2 f5 38. Bd2 e5 39. dxe5 dxe5 40.
Rc1 f4 41. g3 Kf5 42. h4 e4 43. Rc5 e3+ 44. Bxe3 fxe3+ 45. Kxe3 Ke5 46. hxg5
Re8 47. Rc7 Kd6+ 48. Kd3 Ra8 49. g6 Rxa5 50. g7 Ra3+ 51. Kd2 Rxg3 52. Kc2 Bc6
53. Kd2 Kc5 54. Ke2 Kxb6 55. Rf7 Kc5 56. Kf2 Rg6 57. Ke3 Bd5 58. Rc7+ Kd6 59.
Rc8 Rxg7 60. Kd4 Rg4+ 61. Kc3 b5 62. Rd8+ Kc5 63. Rc8+ Bc6 64. Kb3 Rg3+ 65. Kb2
Kb6 66. Rd8 Ka5 67. Rd6 Bg2 68. Rd4 Bf1 69. Rf4 Bc4 70. Rf2 Kb4 71. Rh2 Re3 72.
Rh4 Re2+ 73. Kb1 Kc3 74. Rh3+ Bd3+ 75. Ka1 Re7 0-1

[Event "Elit(Rockaden,Umea-Rockaden,Sthlm)"]
[Site "?"]
[Date "2007.01.20"]
[Round "6"]
[White "Barkhagen, Jonas"]
[Black "Engman, Rickard"]
[Result "1-0"]
[WhiteElo "2553"]
[BlackElo "2298"]
[PlyCount "45"]
[EventDate "2007.??.??"]
[SourceDate "2007.01.30"]

1. d4 Nf6 2. c4 e6 3. Nc3 Bb4 4. Qc2 d5 5. cxd5 Qxd5 6. e3 c5 7. Bd2 Bxc3 8.
Bxc3 cxd4 9. Bxd4 Nc6 10. Bc3 e5 11. Nf3 Bg4 12. Be2 Rc8 13. Qa4 O-O 14. O-O
Rfe8 15. Rfd1 Qe6 16. h3 Bf5 17. Bb5 Ne4 18. Be1 a6 19. Be2 h6 20. Rac1 g5 21.
Bc4 Qg6 22. Bd5 Re7 23. g4 1-0

[Event "Elit(Rockaden,Umea-Rockaden,Sthlm)"]
[Site "?"]
[Date "2007.01.20"]
[Round "6"]
[White "Malmstig, Erik"]
[Black "Bator, Robert"]
[Result "1-0"]
[WhiteElo "2315"]
[BlackElo "2434"]
[PlyCount "61"]
[EventDate "2007.??.??"]

1. d4 d5 2. c4 c6 3. Nf3 Nf6 4. Nc3 a6 5. g3 dxc4 6. Bg2 b5 7. Ne5 Bb7 8. b3
cxb3 9. Qxb3 e6 10. Bb2 Be7 11. O-O O-O 12. Rac1 Ra7 13. Rfd1 Qa5 14. Ne4 c5
15. Nxf6+ gxf6 16. dxc5 Bxg2 17. Ng4 Bh3 18. Nh6+ Kg7 19. Qe3 Kg6 20. g4 Qb4
21. Bc3 Qxc5 22. Qd3+ Kxh6 23. Qxh3+ Kg6 24. Bd2 Qg5 25. f4 Qc5+ 26. Rxc5 Bxc5+
27. Kg2 Kg7 28. g5 Rd8 29. Qh6+ Kg8 30. gxf6 Bf8 31. Bb4 1-0

[Event "Elit(Rockaden,Umea-Rockaden,Sthlm)"]
[Site "?"]
[Date "2007.01.20"]
[Round "6"]
[White "Hedman, Erik"]
[Black "Lindgren, Fredrik"]
[Result "1-0"]
[WhiteElo "2410"]
[BlackElo "2278"]
[PlyCount "81"]
[EventDate "2007.??.??"]

1. e4 e6 2. d4 d5 3. Nc3 Nf6 4. e5 Nfd7 5. f4 c5 6. Nf3 Nc6 7. Be3 a6 8. Qd2 b5
9. dxc5 Bxc5 10. Bxc5 Nxc5 11. Qf2 Qe7 12. Bd3 b4 13. Ne2 Nxd3+ 14. cxd3 O-O
15. Qb6 Bd7 16. Rc1 Rac8 17. O-O f6 18. Qe3 f5 19. Kh1 Rfd8 20. h3 Be8 21. Ned4
Nxd4 22. Nxd4 Qd7 23. Rf2 h6 24. Rg1 Bg6 25. g4 Rf8 26. Rfg2 Rc7 27. Kh2 Qe7
28. Rg3 Kh7 29. R3g2 Kh8 30. g5 h5 31. Rc1 Rfc8 32. Rgc2 Bf7 33. Qd2 Rxc2 34.
Rxc2 Rxc2 35. Nxc2 Qc5 36. Nxb4 Be8 37. Nxa6 Qd4 38. Nb4 Bb5 39. a3 h4 40. Kg2
Kh7 41. Qf2 1-0

[Event "Elit(Rockaden,Umea-Rockaden,Sthlm)"]
[Site "?"]
[Date "2007.01.20"]
[Round "6"]
[White "Forsberg, Viktor"]
[Black "Engqvist, Thomas"]
[Result "1-0"]
[WhiteElo "2257"]
[BlackElo "2429"]
[PlyCount "81"]
[EventDate "2007.??.??"]

1. e4 c6 2. d4 d5 3. Nd2 dxe4 4. Nxe4 Nf6 5. Nxf6+ exf6 6. c3 Bd6 7. Bd3 O-O 8.
Qc2 Re8+ 9. Ne2 Kh8 10. O-O Qc7 11. Ng3 g6 12. Bh6 Be6 13. Rfe1 Nd7 14. c4 Kg8
15. Rad1 Bf8 16. Bd2 f5 17. Bc3 Nb6 18. Ba5 Qb8 19. Bf1 Bg7 20. b3 h5 21. Ne2
f4 22. f3 Bf5 23. Qd2 Bh6 24. Ng3 Rxe1 25. Rxe1 Be6 26. Ne4 Nd7 27. Bb4 Bf8 28.
Bxf8 Nxf8 29. d5 Bf5 30. Nf6+ Kg7 31. Qd4 Kh6 32. Re8 Qxe8 33. Nxe8 Rxe8 34.
Qh8+ Kg5 35. h4+ Kxh4 36. Qf6+ Kg3 37. Qg5+ Bg4 38. fxg4 h4 39. Qf6 h3 40. gxh3
Re1 41. Qb2 1-0

[Event "Elit(Rockaden,Umea-Rockaden,Sthlm)"]
[Site "?"]
[Date "2007.01.20"]
[Round "6"]
[White "Blomqvist, Erik"]
[Black "Mardell, Jimmy"]
[Result "1/2-1/2"]
[WhiteElo "2379"]
[BlackElo "2248"]
[PlyCount "75"]
[EventDate "2007.??.??"]

1. e4 c5 2. Nf3 d6 3. d4 cxd4 4. Nxd4 Nf6 5. Nc3 g6 6. Be3 Bg7 7. f3 O-O 8. Qd2
Nc6 9. O-O-O d5 10. exd5 Nxd5 11. Nxc6 bxc6 12. Bd4 Nxc3 13. Qxc3 Bh6+ 14. Be3
Bxe3+ 15. Qxe3 Qb6 16. Qxe7 Be6 17. Qa3 Rad8 18. Bd3 Rd5 19. Rhe1 Ra5 20. Qc3
Rxa2 21. b3 Ra5 22. Kb2 Rd8 23. Qf6 Rad5 24. Rxe6 fxe6 25. Bc4 R8d6 26. Bxd5
cxd5 27. Rd3 Rc6 28. Rc3 Rxc3 29. Qxc3 d4 30. Qc4 Kg7 31. f4 Qd6 32. g3 h5 33.
c3 dxc3+ 34. Kxc3 e5 35. b4 exf4 36. gxf4 Kf6 37. Qe4 Qc7+ 38. Kb3 1/2-1/2

[Event "Elit(Rockaden,Umea-Rockaden,Sthlm)"]
[Site "?"]
[Date "2007.01.20"]
[Round "6"]
[White "Hammar, Ulf"]
[Black "Livner, Anders"]
[Result "0-1"]
[WhiteElo "2146"]
[BlackElo "2380"]
[PlyCount "52"]
[EventDate "2007.??.??"]

1. d4 d5 2. c4 dxc4 3. Nf3 Nf6 4. e3 e6 5. Bxc4 c5 6. O-O a6 7. Qe2 b5 8. Bb3
Bb7 9. Rd1 Nbd7 10. Nc3 Qb8 11. d5 c4 12. dxe6 fxe6 13. Bc2 Bd6 14. e4 O-O 15.
b3 Ne5 16. Nd4 Neg4 17. g3 Nxf2 18. Qxf2 Bc5 19. e5 Qxe5 20. Bf4 Qh5 21. b4 Ba7
22. Bd6 e5 23. Bxf8 Rxf8 24. Nce2 Ng4 25. Nf4 Nxf2 26. Nxh5 Nh3# 0-1

[Event "Elit(Rockaden,Umea-Rockaden,Sthlm)"]
[Site "?"]
[Date "2007.01.20"]
[Round "6"]
[White "Zadruzny, Nicolaj"]
[Black "Larsson, Johan"]
[Result "0-1"]
[WhiteElo "2295"]
[BlackElo "2136"]
[PlyCount "88"]
[EventDate "2007.??.??"]

1. e4 c5 2. Nf3 Nc6 3. d4 cxd4 4. Nxd4 Nf6 5. Nc3 e5 6. Ndb5 d6 7. Bg5 a6 8.
Na3 b5 9. Bxf6 gxf6 10. Nd5 f5 11. c3 Bg7 12. exf5 Bxf5 13. Nc2 O-O 14. Nce3
Be6 15. Bd3 f5 16. O-O e4 17. Nf4 Bf7 18. Bc2 Be5 19. Ned5 Ne7 20. g3 Ng6 21.
Nxg6 hxg6 22. f4 exf3 23. Qxf3 a5 24. a3 Kg7 25. Nf4 Qc8 26. Rae1 b4 27. Nd3
bxc3 28. Nxe5 dxe5 29. bxc3 Qc5+ 30. Qe3 Rac8 31. Ba4 Rfd8 32. Rf3 e4 33. Qxc5
Rxc5 34. Rfe3 Bc4 35. Rc1 Bd3 36. Bb3 Rdc8 37. c4 Rb8 38. Rc3 g5 39. Re1 Kf6
40. Kf2 f4 41. gxf4 gxf4 42. Bc2 Rb2 43. Rc1 Ke5 44. Ke1 Kd4 0-1

[Event "Elit(Rockaden,Umea-Rockaden,Sthlm)"]
[Site "?"]
[Date "2007.01.20"]
[Round "6"]
[White "Nygren, David"]
[Black "Lissang, Christopher"]
[Result "1-0"]
[WhiteElo "2194"]
[BlackElo "2236"]
[PlyCount "73"]
[EventDate "2007.??.??"]

1. e4 c5 2. c3 Nf6 3. e5 Nd5 4. d4 cxd4 5. Nf3 e6 6. cxd4 d6 7. a3 Bd7 8. Bd3
Bc6 9. O-O Be7 10. Re1 Nd7 11. b4 a6 12. Nbd2 Bb5 13. Ne4 dxe5 14. dxe5 Bxd3
15. Qxd3 h6 16. Ng3 Qb6 17. Nh5 O-O-O 18. Nf4 Nb8 19. Nxd5 Rxd5 20. Qc4+ Nc6
21. Qg4 g6 22. Qf4 Rh7 23. Be3 Qb5 24. h4 Bd8 25. Rac1 Bc7 26. Nd4 Nxd4 27.
Bxd4 Kd7 28. Red1 f5 29. Bc5 Rxd1+ 30. Rxd1+ Kc8 31. Bd6 Qe2 32. Rc1 Qe4 33.
Qg3 f4 34. Qc3 Qc6 35. Qd2 Qe4 36. Rc2 Rd7 37. Qc1 1-0

[Event "Elit(Eksjo-Astorp)"]
[Site "?"]
[Date "2007.01.20"]
[Round "6"]
[White "Hoi, Carsten"]
[Black "Schussler, Harry"]
[Result "1/2-1/2"]
[WhiteElo "2386"]
[BlackElo "2439"]
[PlyCount "43"]
[EventDate "2007.??.??"]
[SourceDate "2007.01.30"]

1. d4 Nf6 2. c4 e6 3. Nc3 Bb4 4. e3 c5 5. Bd3 Nc6 6. Nge2 cxd4 7. exd4 d5 8.
cxd5 exd5 9. Bg5 O-O 10. O-O Be7 11. Rc1 Bg4 12. h3 Bxe2 13. Nxe2 Qb6 14. Qd2
Rad8 15. Ng3 Ne4 16. Bxe4 Bxg5 17. Bxh7+ Kxh7 18. Qxg5 Qxd4 19. Nf5 Qf6 20.
Qxf6 gxf6 21. Rfd1 d4 22. Kf1 1/2-1/2

[Event "Elit(Eksjo-Astorp)"]
[Site "?"]
[Date "2007.01.20"]
[Round "6"]
[White "Ornstein, Axel"]
[Black "Jakobsen, Ole"]
[Result "1-0"]
[WhiteElo "2412"]
[BlackElo "2385"]
[PlyCount "73"]
[EventDate "2007.??.??"]

1. Nf3 g6 2. e4 d6 3. d4 Bg7 4. c3 Nf6 5. Bd3 O-O 6. O-O Nc6 7. Re1 e5 8. Nbd2
Nd7 9. Nb3 a5 10. a4 h6 11. Bf1 Qe7 12. Be3 Kh7 13. Nfd2 b6 14. Nc4 Nf6 15. f3
Bb7 16. d5 Nb8 17. Nbd2 Na6 18. Qc2 Bc8 19. Reb1 Bd7 20. b4 axb4 21. cxb4 Rfb8
22. b5 Nc5 23. a5 Rb7 24. Bxc5 bxc5 25. b6 cxb6 26. axb6 Rxa1 27. Rxa1 Bb5 28.
Qb3 Bxc4 29. Nxc4 Qd8 30. Ra7 Rb8 31. Qb5 Kg8 32. b7 Bf8 33. Na5 Nd7 34. Nc6
Qc7 35. Nxb8 Nxb8 36. Qa5 Qe7 37. Qb6 1-0

[Event "Elit(Eksjo-Astorp)"]
[Site "?"]
[Date "2007.01.20"]
[Round "6"]
[White "Johansson, Mikael"]
[Black "Vernersson, Per"]
[Result "0-1"]
[WhiteElo "2366"]
[BlackElo "2468"]
[PlyCount "114"]
[EventDate "2007.??.??"]

1. e4 c6 2. d4 d5 3. f3 dxe4 4. fxe4 e5 5. Nf3 Be6 6. c3 Nd7 7. Bd3 h6 8. O-O
Ngf6 9. Na3 Bxa3 10. bxa3 O-O 11. Rb1 b6 12. Rb2 Re8 13. h3 Qc7 14. Rbf2 Qd6
15. Nxe5 Nxe5 16. Bf4 Qxa3 17. Bxe5 Nd7 18. Bxg7 Kxg7 19. Qh5 Qe7 20. e5 Qg5
21. Rxf7+ Kg8 22. Qxg5+ hxg5 23. R7f3 Re7 24. a3 Rf8 25. Bf5 Kg7 26. g4 Bc4 27.
Rc1 b5 28. Kf2 Nb6 29. Kg3 Bd5 30. Rf2 Rh8 31. Bd3 Be6 32. Rf6 Rh6 33. Rcf1 Nd5
34. Rxh6 Kxh6 35. h4 gxh4+ 36. Kxh4 Kg7 37. g5 Rf7 38. Rf6 Nxf6 39. exf6+ Kg8
40. Kg3 Rd7 41. Kf4 Kf7 42. Be2 Rd5 43. Bh5+ Kf8 44. Bg6 c5 45. Be4 cxd4 46.
Bxd5 Bxd5 47. cxd4 a5 48. g6 b4 49. axb4 a4 50. Ke5 a3 51. Kxd5 a2 52. b5 a1=Q
53. b6 Qc3 54. Ke5 Qb2 55. b7 Qxb7 56. d5 Qd7 57. d6 Qg4 0-1